<?xml version="1.0" encoding="UTF-8"?>
<marc:record xmlns:marc="http://www.loc.gov/MARC21/slim">
   <marc:leader>00000nam a2200000 a 4500</marc:leader>
   <marc:datafield ind1="1" ind2=" " tag="100">
      <marc:subfield code="a">Gruber, Andreas</marc:subfield>
      <marc:subfield code="4">aut</marc:subfield>
      <marc:subfield code="e">Verfasser/-in</marc:subfield>
   </marc:datafield>
   <marc:datafield ind1=" " ind2=" " tag="653">
      <marc:subfield code="a">Kriminalroman</marc:subfield>
   </marc:datafield>
   <marc:datafield ind1="0" ind2="0" tag="245">
      <marc:subfield code="a">Todesschmerz</marc:subfield>
   </marc:datafield>
   <marc:datafield ind1="0" ind2="0" tag="245">
      <marc:subfield code="b">Thriller</marc:subfield>
   </marc:datafield>
   <marc:datafield ind1="0" ind2="0" tag="245">
      <marc:subfield code="c">Andreas Gruber</marc:subfield>
   </marc:datafield>
   <marc:datafield ind1=" " ind2="1" tag="264">
      <marc:subfield code="a">München</marc:subfield>
      <marc:subfield code="b">Goldmann</marc:subfield>
      <marc:subfield code="c">2021</marc:subfield>
   </marc:datafield>
   <marc:datafield ind1="1" ind2=" " tag="490">
      <marc:subfield code="a">Maarten S. Sneijder und Sabine Nemez ; 6</marc:subfield>
      <marc:subfield code="v">Band 6</marc:subfield>
   </marc:datafield>
   <marc:datafield ind1=" " ind2=" " tag="250">
      <marc:subfield code="a">1. Auflage, Originalausgabe</marc:subfield>
   </marc:datafield>
   <marc:datafield ind1="1" ind2=" " tag="520">
      <marc:subfield code="a">Mitten in den brisanten Ermittlungen um einen Verräter in den eigenen Reihen werden BKA-Profiler Maarten S. Sneijder und sein Team abgezogen und nach Norwegen geschickt, um den Mord an der deutschen Botschafterin aufzuklären. Doch das Motiv bleibt rätselhaft, und die norwegische Polizei verweigert die Zusammenarbeit. Sneijder muss kreativ werden &amp;#x2013; und macht damit einen besonders mächtigen Gegner auf sich aufmerksam. Als dann noch ein erstes Mitglied von Sneijders Team einem kaltblütigen Killer zum Opfer fällt, steht Sneijder vor seiner bisher größten Herausforderung. &amp;#x201e;Mit &amp;#x201e;Todesschmerz&amp;#x201c; gelingt Andreas Gruber wieder ein lesenswertes, spannendes Buch, das zwar ausgetretene Pfade selten verlässt, aber die Mittel für diesen Marsch hervorragend beherrscht. Sprachlich ansprechend, weitgehend stringent erzählt und frei von überflüssigen Brutalitäten und schnöder Effekthascherei. Gruber hat seine Charaktere und seine Erzählung im Griff. Wäre trotzdem sehr schön, wenn er zur Abwechslung mal wieder etwas unabhängig vom Seriellen verfassen würde. Dass der Autor das Potenzial dazu besitzt, hat er bereits mit seinen frühen Romanen überzeugend demonstriert&amp;#x201c; (krimi-couch.de)</marc:subfield>
   </marc:datafield>
   <marc:datafield ind1=" " ind2=" " tag="020">
      <marc:subfield code="a">9783442491094</marc:subfield>
      <marc:subfield code="9">9783442491094</marc:subfield>
   </marc:datafield>
   <marc:datafield ind1=" " ind2=" " tag="020">
      <marc:subfield code="a">3442491096</marc:subfield>
      <marc:subfield code="9">3442491096</marc:subfield>
   </marc:datafield>
   <marc:datafield ind1="3" ind2=" " tag="024">
      <marc:subfield code="a">9783442491094</marc:subfield>
   </marc:datafield>
   <marc:datafield ind1=" " ind2=" " tag="300">
      <marc:subfield code="a">589 Seiten</marc:subfield>
   </marc:datafield>
</marc:record>
